| 000 | 00495nam a22001577a 4500 | ||
|---|---|---|---|
| 003 | OSt | ||
| 008 | 260505b |||||||| |||| 00| 0 eng d | ||
| 082 |
_a633.491 _bP74E |
||
| 100 | _aPrasad, Kamlesh Kumar. | ||
| 245 |
_aEffect of Different Organic Sources on Growth, Yield and Quality of Potato (Solanum tuberosum L.) Varieties / _cby Kamlesh Kumar Prasad |
||
| 260 |
_a.- Pusa, Samastipur _b: RAU _c, 2010 |
||
| 300 | _a107p. | ||
| 502 |
_bPh. D. _d2010 |
||
| 650 | _aAgronomy | ||
| 942 |
_2ddc _cT |
||
| 999 |
_c50425 _d50425 |
||